The Hills - The Weeknd Lyrics - Statistics

General Stats
  • This quiz has been taken 3,058 times
  • The average score is 290 of 373
Answer Stats
Hint Lyrics % Correct
I
98%
the
97%
The
97%
You
97%
you
97%
on
95%
me
91%
me,
91%
it
90%
when
90%
When
90%
call
89%
only
89%
Only
89%
to
88%
Verse1 Your
88%
your
88%
half
87%
I'm
87%
past
87%
a
85%
it's
85%
be
84%
f*cked
84%
five
84%
time
84%
do
83%
that
83%
real
82%
feel
81%
"Keep
81%
Keep
81%
keep
81%
touch
81%
friend
80%
love
80%
up,
80%
up
80%
promo
79%
just
78%
he
77%
doin'
75%
that's
75%
zone
75%
out
74%
business
72%
get
72%
road
72%
said
72%
tryna
72%
Tryna
72%
better
70%
look
70%
man
70%
by
68%
even
68%
not
68%
our
68%
photos
68%
side
68%
than
68%
'Cause
66%
low-low"
66%
yeah
66%
mine
65%
house,
64%
info
64%
know
64%
Bridge Hills
63%
can't
62%
friends
62%
find
61%
have
61%
I'll
61%
but
60%
send
60%
ever
59%
hide
59%
Hide
59%
and
57%
And
57%
Drivin'
57%
b*tches
55%
through
55%
for
54%
gated
54%
residential
54%
saw
52%
two
52%
Who
52%
I'd
51%
are
50%
simple
50%
home
49%
2x eyes
48%
my
48%
so
48%
was
48%
comin'
45%
don't
45%
Found
44%
2x judge?
44%
rehab
44%
sent
44%
tempo
41%
all
40%
moment
40%
'fore
39%
like
39%
live
38%
motherf*ckers
38%
at
37%
babe
37%
seem
37%
life
36%
off
36%
want
36%
Drugs
35%
these
35%
gon'
34%
Always
33%
decaf
33%
feelin'
33%
let
31%
started
29%
trust
29%
lies,
28%
lies
28%
relapse
23%
girl,
22%
Verse2 I'ma
20%
No matching quizzes found
Score Distribution
Percent of People with Each Score
Percentile by Number Answered
Your Score History
You have not taken this quiz